000 00181 a2200097 4500
020 _a9788426128492
041 _aspa
100 _aCannon, Janell
245 _aStelaluna
942 _cBK
999 _c29793
_d29791